|
|
|
|
| LEADER |
00924nam a2200289 4500 |
| 001 |
DLU140166069 |
| 005 |
##20141210 |
| 040 |
# |
# |
|a DLU
|b vie
|
| 041 |
# |
# |
|a vie
|
| 044 |
# |
# |
|a vn
|
| 100 |
# |
# |
|a Đinh Đức Trường,
|c TS.
|
| 245 |
# |
# |
|a Vận dụng các quy luật của kinh tế thị trường trong quản lý tài nguyên và môi trường ở Việt Nam /
|c Đinh Đức Trường, Lê Hà Thanh.
|
| 653 |
# |
# |
|a Kinh tế thị trường
|
| 653 |
# |
# |
|a Môi trường
|
| 653 |
# |
# |
|a Quản lý
|
| 653 |
# |
# |
|a Tài nguyên
|
| 700 |
# |
# |
|a Lê Hà Thanh,
|c TS.
|
| 773 |
# |
# |
|t Nghiên cứu Kinh tế
|g Số 3(418), 2013, tr.68-76
|
| 920 |
# |
# |
|a Phòng Tạp chí -- Trung tâm Thông tin - Thư viện Trường Đại học Đà Lạt
|
| 994 |
# |
# |
|a DLU
|
| 900 |
# |
# |
|a True
|
| 911 |
# |
# |
|a Trần Thị Minh Hương
|
| 925 |
# |
# |
|a G
|
| 926 |
# |
# |
|a A
|
| 927 |
# |
# |
|a BB
|
| 980 |
# |
# |
|a Thư viện Trường Đại học Đà Lạt
|